| 000 | 00678nam a22001937a 4500 | ||
|---|---|---|---|
| 005 | 20100726111232.0 | ||
| 010 | _aENG-96880 | ||
| 020 |
_a9788190807470 _c115.00 |
||
| 035 | _aEN-80413 | ||
| 037 | _bDBAD/PUB | ||
| 082 | _a005.133 | ||
| 100 |
_aDharmarajan, R. _91388 |
||
| 245 |
_aProgramming in Java / _cby R. Dharmarajan |
||
| 260 |
_aCoimbatore _bNavayuga Bharati "Maruthi Nivasan" _cn.d |
||
| 270 |
_aNo.36/1, 14th Cross Street,Thirumagal Nagar, Peelamedu Puthur, _bCoimbatore _e641004 |
||
| 300 |
_a160p. _c20cm, (pbk) |
||
| 942 |
_2ddc _cEN _mDHA |
||
| 999 |
_c37637 _d37637 |
||